000 00498nam a2200169Ia 4500
999 _c21264
_d21264
003 OSt
005 20200619102851.0
008 190216s9999||||xx |||||||||||||| ||und||
020 _a9780195692013
040 _coclc
082 _a954.029
_bALA/E
100 _aAlavi, Seema
_93065
245 4 _aThe Eighteenth Century In India /
_cSeema Alavi
260 _bOxford University Press,
_aNew Delhi:
_c2007.
300 _a261p
942 _cBK
_2ddc
_h954.029
_iALA/E
_k954.029
_mALA/E